|
|
|
|
| LEADER |
01058nam a22002772a 4500 |
| 001 |
000165051 |
| 003 |
CZ BrMZK |
| 005 |
20091006143551.0 |
| 007 |
ta |
| 008 |
970107s1962 xr f cze d |
| 015 |
|
|
|a cnb000689654
|
| 035 |
|
|
|a (OCoLC)85470337
|
| 040 |
|
|
|a BOA001
|b cze
|
| 100 |
1 |
|
|a Med, Jaroslav,
|d 1932-2018
|7 jk01081020
|4 aut
|
| 245 |
1 |
0 |
|a Bedřich Václavek a Vysočina :
|b literárně životopisná stať /
|c J. Med, J.M. Weimann
|
| 250 |
|
|
|a 1. vyd.
|
| 260 |
|
|
|a Havlíčkův Brod :
|b Východočeské nakladatelství,
|c 1962
|
| 300 |
|
|
|a 66 s., il. příl.
|
| 490 |
1 |
|
|a Východočeské medailónky ;
|v sv. 4
|
| 700 |
1 |
|
|a Weimann, Josef Mojmír,
|d 1912-1995
|7 jk01151484
|4 aut
|
| 830 |
|
0 |
|a Východočeské medailónky
|
| 910 |
|
|
|a BOA001
|b PK-A-0007.875
|b 1-0479.756
|
| 964 |
|
|
|a Václavek, Bedřich - životopisy
|
| 990 |
|
|
|a BK
|
| 996 |
6 |
|
|b 2619438138
|c 1-0479.756
|l MZK
|r Sklad / do 1 hodiny
|n 1
|w 000165051
|u 000020
|a 1
|e BOA001
|j MZK50
|s P
|
| 996 |
7 |
|
|b 3119942001
|c PK-A-0007.875
|l MZK
|r Sklad / do 1 hodiny
|n 1
|w 000165051
|u 000010
|a 1
|e BOA001
|j MZK50
|s A
|